000 02262nam0a2200409 4500
001 RU\NLR\BIBL_A\012507114
005 20210609174251.0
010 _a978-5-91326-618-7
_9130
021 _aRU
_bКН-П-20-080412
_9КН-П-20-6100
035 _a(NLR Aleph) 012507114
035 _a(RuMoRGB)010513319
090 _a12256697
_c12256697
100 _a20210420d2020 k y0rusy50 ca
101 0 _arus
_deng
102 _aRU
105 _aa z 100zb
181 0 _ai3
_baxxe
182 0 _an
200 1 _aМаксим Горький в культуре XX-XXI вв.
_eГорьковские чтения - 2020
_eматериалы XXXIX Международной научной конференции, 9-10 октября, Нижний Новгород,
_fМинистерство культуры Нижегородской области [и др.]
_gредакционная коллегия: ...М. Г. Уртминцева (отв. редактор) [и др.]
203 _aТекст
_bвизуальный
_cнепосредственный
210 _aНижний Новгород
_cННГУ им. Н. И. Лобачевского
_d2020
215 _a406, [2] с., [3] л. цв. ил.
_d24
300 _aРез. англ.
320 _aБиблиогр. в конце ст.
517 1 _aГорьковские чтения - 2020
600 1 _aГорький
_bМ.
_f1868 - 1936
_gМаксим
_jСъезды, совещания и т.п
_9896210
_3RU\NLR\AUTH\66325071
686 1 _aШ5(2=Р)7-4Горький.я431
702 1 _aУртминцева
_bМ. Г.
_f1952-
_gМарина Генриховна
_4340
702 1 _4570
_7ca
_8rus
_aГорький
_bМ.
_f1868-1936
_gМаксим
_9110200
_3RU\NLR\AUTH\77104
711 1 2 _aГорьковские чтения
_d39
_eНижний Новгород
_f2020
_9748242
_3RU\NLR\AUTH\880541987
712 0 1 _4570
_aНижегородская область
_bМинистерство культуры
_9652377
_3RU\NLR\AUTH\880496206
942 _cBOOK
980 _aNBR
980 _aNB